000 00473nam a22001817a 4500
003 MPLRDC
005 20220104163245.0
008 210129b ||||| |||| 00| 0 eng d
020 _a0-7214-0542-8
082 _a859.6 LADY-5 v.6B
100 _aW MURRAY
245 _aWE LIKE TO HELP
_c
260 _a
_bLADYBIRD BOOKS LTD MCMLXXVIII
_c
300 _b
490 _aLADYBIRD KEY WORDS READING SCHEME
650 _aCHILDREN LITERATURE
942 _cBK
_o859.6 LADY-5 v.6B
999 _c56368
_d56358